| 000 | 01046nam a2200313 i 4500 | ||
|---|---|---|---|
| 005 | 20220317002023.0 | ||
| 007 | ta | ||
| 008 | 201106s2011 ck o er 000 0dspa d | ||
| 020 | _a9789587144895 | ||
| 040 |
_aCO-BoRNBP _bspa _erda _cCO-BoRNBP |
||
| 041 | 0 | _aspa | |
| 082 | 0 | 4 |
_a184 _bP41b _222 |
| 100 | 1 |
_aPlatón _d428 a.C-347 a.C. _eautor |
|
| 245 | 1 | 3 |
_aEl banquete _cPlatón ; traducción y notas Luis Gil ; prólogo Jorge Mejía Toro |
| 250 | _aPrimera edición | ||
| 264 |
_aMedellín _bEditorial Universidad de Antioquia _c2011 |
||
| 300 |
_a165 páginas _bfotografías _c17 cm |
||
| 336 |
_atexto _btxt _2rdacontent |
||
| 337 |
_asin mediación _bn _2rdamedia |
||
| 338 |
_avolumen _bnc _2rdacarrier |
||
| 490 | 0 | _aBiblioteca clásica para jóvenes lectores | |
| 521 | _aRecomendado para público adulto | ||
| 650 | 1 | 7 |
_2LEMB _aFilosofía griega |
| 650 | 1 | 7 |
_2LEMB _aFilosofía del arte |
| 650 | 1 | 4 |
_2LEMB _aPlatonismo |
| 700 |
_aGil, Luis _etraductor _9159497 |
||
| 700 |
_aMejía Toro, Jorge _eprologuista _9159498 |
||
| 942 |
_2ddc _cBK |
||
| 999 |
_c8921 _d8921 |
||